[Event "World Rapid 2022"]
[Site "Almaty KAZ"]
[Date "2022.12.28"]
[Round "11.9"]
[White "Amin, Bassem"]
[Black "Mamedyarov, Shakhriyar"]
[Result "1/2-1/2"]
[WhiteTitle "GM"]
[BlackTitle "GM"]
[WhiteElo "2682"]
[BlackElo "2740"]
[WhiteFideId "10601457"]
[BlackFideId "13401319"]
[EventDate "2022.12.26"]

1. e4 e5 2. Nf3 Nc6 3. Bb5 a6 4. Ba4 Nf6 5. O-O Nxe4 6. d4 b5 7. Bb3 d5 8. dxe5
Be6 9. Qe2 Be7 10. Rd1 O-O 11. c4 bxc4 12. Bxc4 Qd7 13. Nc3 Nxc3 14. bxc3 f6 15.
exf6 Bxf6 16. Bg5 Kh8 17. Bxf6 Rxf6 18. Ng5 Bg8 19. Bxd5 Bxd5 20. c4 Re8 21. Qc2
Rg6 22. cxd5 Rxg5 23. Qxc6 Rxg2+ 1/2-1/2

[Event "World Rapid 2022"]
[Site "Almaty KAZ"]
[Date "2022.12.28"]
[Round "11.10"]
[White "Quparadze, Giga"]
[Black "Giri, Anish"]
[Result "0-1"]
[WhiteTitle "GM"]
[BlackTitle "GM"]
[WhiteElo "2470"]
[BlackElo "2764"]
[WhiteFideId "13602250"]
[BlackFideId "24116068"]
[EventDate "2022.12.26"]

1. e4 c5 2. Nf3 d6 3. d4 cxd4 4. Nxd4 Nf6 5. Nc3 a6 6. Be2 e5 7. Nb3 Be7 8. O-O
O-O 9. Kh1 Re8 10. f4 Nc6 11. a4 h6 12. Be3 exf4 13. Bxf4 Bf8 14. Bf3 Be6 15.
Nd4 Ne5 16. Nxe6 Rxe6 17. Nd5 Nxd5 18. Qxd5 Qc7 19. c3 Nxf3 20. gxf3 Rc8 21. a5
Qe7 22. Qd3 Rc5 23. b4 Rh5 24. Ra2 Qh4 25. Be3 Qh3 26. Rg2 d5 27. exd5 Rg6 28.
Qe2 Rxg2 29. Qxg2 Qxg2+ 30. Kxg2 Rxd5 31. Re1 f6 32. Bf4 g5 33. Bg3 Rd2+ 34. Kh1
Kf7 35. f4 Rd3 36. fxg5 hxg5 37. b5 axb5 38. Rb1 Rd5 39. h4 gxh4 40. Bf2 h3 41.
Bd4 b4 42. Kh2 bxc3 43. Bxc3 Bd6+ 44. Kh1 Rd3 45. Bb4 Be5 46. Bc5 Kg6 47. Bg1
Rd2 48. Rf1 Ra2 49. Bb6 Rh2+ 50. Kg1 Kg5 51. Bf2 Rg2+ 52. Kh1 Kg4 53. Bg1 Ra2
54. Rb1 Ra1 55. Rxa1 Bxa1 56. Bb6 Be5 57. Kg1 Kf3 58. Kh1 Ke2 59. Kg1 f5 60. Kh1
Bg3 61. Bd8 f4 62. Bc7 Kf3 63. Bd8 Kg4 0-1

[Event "World Rapid 2022"]
[Site "Almaty KAZ"]
[Date "2022.12.28"]
[Round "11.11"]
[White "Maghsoodloo, Parham"]
[Black "Chigaev, Maksim"]
[Result "1-0"]
[WhiteTitle "GM"]
[BlackTitle "GM"]
[WhiteElo "2719"]
[BlackElo "2632"]
[WhiteFideId "12539929"]
[BlackFideId "4108116"]
[EventDate "2022.12.26"]

1. d4 Nf6 2. c4 g6 3. Nc3 Bg7 4. e4 d6 5. Be2 O-O 6. Bg5 c5 7. d5 Qb6 8. Qc1 e6
9. Nf3 exd5 10. exd5 Bf5 11. Nh4 Bg4 12. f3 Bd7 13. O-O Re8 14. Bd3 Na6 15. Qd2
Nc7 16. g4 Ncxd5 17. cxd5 c4+ 18. Kh1 cxd3 19. Qxd3 Qxb2 20. Rab1 Qa3 21. Rxb7
Rac8 22. Rb3 Qa5 23. Bd2 Qc5 24. Ng2 h5 25. h3 Rb8 26. Be3 Qa5 27. Bd4 Rxb3 28.
axb3 Qb4 29. Ne3 Nxg4 30. Nc2 Ne5 31. Nxb4 Nxd3 32. Bxg7 Nxb4 33. Bf6 Bxh3 34.
Ra1 Nc2 35. Rxa7 Ne1 36. Kh2 Bf5 37. Kg3 h4+ 38. Bxh4 Kg7 39. Be7 Rh8 40. Bxd6
Rh3+ 41. Kf2 Nxf3 42. Bg3 Ng5 43. d6 Kh6 44. d7 Bxd7 45. Rxd7 f5 46. Rd4 Ne6 47.
Rd6 f4 48. Rxe6 Rxg3 49. Rc6 Kh5 50. b4 g5 51. b5 g4 52. b6 Rf3+ 53. Ke2 Re3+
54. Kd2 Re8 55. b7 Rb8 56. Rc7 g3 57. Ke2 Kg4 58. Rg7+ 1-0

[Event "World Rapid 2022"]
[Site "Almaty KAZ"]
[Date "2022.12.28"]
[Round "11.12"]
[White "Ganguly, Surya Shekhar"]
[Black "Nihal, Sarin"]
[Result "0-1"]
[WhiteTitle "GM"]
[BlackTitle "GM"]
[WhiteElo "2582"]
[BlackElo "2670"]
[WhiteFideId "5002150"]
[BlackFideId "25092340"]
[EventDate "2022.12.26"]

1. e4 Nc6 2. Nf3 d6 3. h3 Nf6 4. Nc3 g6 5. d4 Bg7 6. Be3 O-O 7. Qd2 a6 8. a4 b6
9. Bh6 Bb7 10. h4 e5 11. d5 Nd4 12. Bxg7 Nxf3+ 13. gxf3 Kxg7 14. f4 exf4 15.
Qxf4 Nh5 16. Qe3 Qf6 17. Be2 Nf4 18. O-O-O h5 19. Rdg1 Rfe8 20. Rg5 b5 21. Qf3
b4 22. Nb1 c6 23. Bd1 cxd5 24. exd5 Re5 25. Rhg1 Bxd5 26. Qg3 Rae8 27. Nd2 Re1
28. Kb1 Rxg1 29. Qxg1 Nh3 30. Qg3 Nxg5 31. hxg5 Qd4 32. Kc1 Re5 33. c3 bxc3 34.
bxc3 Qc5 35. Kb2 Be6 36. Bc2 Re2 37. Ne4 Qc4 0-1

[Event "World Rapid 2022"]
[Site "Almaty KAZ"]
[Date "2022.12.28"]
[Round "11.13"]
[White "Svane, Rasmus"]
[Black "Martirosyan, Haik M."]
[Result "1/2-1/2"]
[WhiteTitle "GM"]
[BlackTitle "GM"]
[WhiteElo "2622"]
[BlackElo "2682"]
[WhiteFideId "4657101"]
[BlackFideId "13306553"]
[EventDate "2022.12.26"]

1. Nf3 d5 2. g3 g6 3. Bg2 Bg7 4. d4 Nf6 5. O-O O-O 6. c4 c6 7. a4 Be6 8. Nc3
dxc4 9. e4 Na6 10. h3 Nb4 11. Be3 a5 12. Qe2 Ne8 13. Rad1 Nd6 14. g4 f6 15. Nd2
f5 16. e5 Ne8 17. gxf5 gxf5 18. f4 Nc7 19. Nxc4 Bxc4 20. Qxc4+ e6 21. Rd2 Kh8
22. Kh2 Rg8 23. Qe2 Qh4 24. Qf2 Qh6 25. Bf3 Bf8 26. Rg1 Be7 27. Rdd1 Rg6 28.
Rxg6 hxg6 29. Qg2 Kg7 30. Bc1 Kf7 31. Be2 Rg8 32. Rg1 Rd8 33. Rd1 Ncd5 34. Nxd5
Nxd5 35. Qf3 Bb4 36. Bc4 Qh4 37. Qg3 Qh5 38. Bb3 Rh8 39. Rg1 Rd8 40. Bd1 Qh6 41.
Bb3 Rd7 42. Qf3 Qh4 43. Qg3 Qxg3+ 44. Kxg3 Rd8 45. Kf3 Rh8 46. Rh1 Rd8 47. Rg1
Rh8 48. Rh1 Rd8 49. Rg1 1/2-1/2

[Event "World Rapid 2022"]
[Site "Almaty KAZ"]
[Date "2022.12.28"]
[Round "11.15"]
[White "Tabatabaei, M. Amin"]
[Black "Andreikin, Dmitry"]
[Result "1/2-1/2"]
[WhiteTitle "GM"]
[BlackTitle "GM"]
[WhiteElo "2660"]
[BlackElo "2729"]
[WhiteFideId "12521213"]
[BlackFideId "4158814"]
[EventDate "2022.12.26"]

1. d4 d5 2. c4 e6 3. Nc3 a6 4. cxd5 exd5 5. Nf3 Nf6 6. Bg5 Be6 7. e3 Nbd7 8. Bd3
h6 9. Bf4 g5 10. Bg3 Nh5 11. a3 Nxg3 12. hxg3 Bg7 13. Rc1 c6 14. b4 h5 15. Qc2
Qe7 16. Na4 h4 17. gxh4 gxh4 18. Bf5 O-O-O 19. Kf1 h3 20. Rxh3 Rxh3 21. Bxh3
Bxh3 22. gxh3 Qe6 23. h4 Bh6 24. Ke2 Re8 25. Qd3 Kb8 26. Rg1 Ka7 27. Nc5 Nxc5
28. bxc5 Bf4 29. Ng5 Qf6 30. Rg4 Bxg5 31. hxg5 Qh8 32. Qf5 Qh5 33. Kd2 Rh8 34.
Rf4 Qh1 35. Qe5 Rh3 36. Qc7 Qa1 37. Qb6+ Kb8 38. Rxf7 Qa2+ 39. Kc3 Qc4+ 40. Kd2
Qa2+ 41. Kd3 Qc4+ 1/2-1/2

[Event "World Rapid 2022"]
[Site "Almaty KAZ"]
[Date "2022.12.28"]
[Round "11.16"]
[White "Tsydypov, Zhamsaran"]
[Black "Sarana, Alexey"]
[Result "0-1"]
[WhiteTitle "GM"]
[BlackTitle "GM"]
[WhiteElo "2534"]
[BlackElo "2668"]
[WhiteFideId "4108566"]
[BlackFideId "24133795"]
[EventDate "2022.12.26"]

1. e4 c5 2. Nf3 d6 3. Bb5+ Bd7 4. c4 Nc6 5. Nc3 e5 6. d3 Nge7 7. a3 Ng6 8. h4 h5
9. Ng5 Be7 10. g3 f6 11. Nf3 a6 12. Ba4 Bg4 13. Be3 O-O 14. Qe2 f5 15. Bd1 fxe4
16. Nxe4 Bxf3 17. Qxf3 Rxf3 18. Bxf3 Nf8 19. Bxh5 d5 20. cxd5 Qxd5 21. O-O-O Nd4
22. Kb1 Nfe6 23. Bg4 Qb3 24. Rd2 Nb5 25. Rc1 Ned4 26. Bd1 Qd5 27. Rc4 Kh8 28. f4
exf4 29. Bxf4 Rf8 30. a4 Na7 31. h5 Nac6 32. Bg4 b5 33. Rc3 Nb4 34. Ra3 Ne6 35.
Nc3 Qc6 36. axb5 axb5 37. Bxe6 Qxe6 38. Ra7 Bf6 39. Ne4 Nxd3 40. Nxf6 Qe1+ 41.
Kc2 Nb4+ 42. Kb3 Qe6+ 43. Nd5 Nxd5 0-1

[Event "World Rapid 2022"]
[Site "Almaty KAZ"]
[Date "2022.12.28"]
[Round "11.18"]
[White "Indjic, Aleksandar"]
[Black "Vachier-Lagrave, Maxime"]
[Result "0-1"]
[WhiteTitle "GM"]
[BlackTitle "GM"]
[WhiteElo "2636"]
[BlackElo "2737"]
[WhiteFideId "911925"]
[BlackFideId "623539"]
[EventDate "2022.12.26"]

1. c4 Nf6 2. Nc3 e5 3. e3 Bb4 4. Nge2 c6 5. a3 Ba5 6. b4 Bc7 7. Bb2 O-O 8. d4 d5
9. cxd5 cxd5 10. Nb5 e4 11. Nxc7 Qxc7 12. Rc1 Qd6 13. Nc3 Bg4 14. Qb3 Nc6 15. h3
Be6 16. Be2 Rfc8 17. O-O Ne7 18. Nb5 Qd7 19. Rxc8+ Rxc8 20. Rc1 Rxc1+ 21. Bxc1
Ng6 22. Nxa7 b6 23. Nb5 Bxh3 24. gxh3 Qxh3 25. Qd1 Nh4 26. Qf1 Qf5 27. Kh2 h5
28. Nc3 Ng4+ 29. Kh1 Nf3 30. Qg2 Nxf2+ 0-1

[Event "World Rapid 2022"]
[Site "Almaty KAZ"]
[Date "2022.12.28"]
[Round "11.19"]
[White "Esipenko, Andrey"]
[Black "Kobalia, Mikhail"]
[Result "1/2-1/2"]
[WhiteTitle "GM"]
[BlackTitle "GM"]
[WhiteElo "2678"]
[BlackElo "2577"]
[WhiteFideId "24175439"]
[BlackFideId "4119150"]
[EventDate "2022.12.26"]

1. e4 e5 2. Nf3 Nc6 3. Bc4 Bc5 4. d3 Nf6 5. Nc3 a6 6. a4 d6 7. h3 h6 8. Be3 Bxe3
9. fxe3 O-O 10. O-O Be6 11. Nd2 Bxc4 12. Nxc4 Qe7 13. Nd5 Nxd5 14. exd5 Na7 15.
e4 Qd7 16. Ne3 Nc8 17. Qh5 Ne7 18. Rf3 f6 19. b3 c6 20. dxc6 bxc6 21. Raf1 Kh7
22. Ng4 Qe8 23. Qh4 Ng6 24. Qf2 Nf4 25. Kh2 Qd7 26. Qe3 h5 27. Nf2 Qe8 28. Nd1
Qg6 29. Rg3 Qh6 30. Qe1 d5 31. Ne3 g6 32. Rgf3 d4 33. g3 Nxd3 34. cxd3 dxe3 35.
Rxf6 Rxf6 36. Rxf6 Rf8 37. Rxf8 Qxf8 38. Qxe3 Qb4 39. g4 hxg4 40. hxg4 Qxb3 41.
Qa7+ Kh6 42. Qe3+ Kh7 43. g5 Qc2+ 1/2-1/2

[Event "World Rapid 2022"]
[Site "Almaty KAZ"]
[Date "2022.12.28"]
[Round "11.20"]
[White "Sargsyan, Shant"]
[Black "Cheparinov, Ivan"]
[Result "1-0"]
[WhiteTitle "GM"]
[BlackTitle "GM"]
[WhiteElo "2645"]
[BlackElo "2688"]
[WhiteFideId "13306766"]
[BlackFideId "2905540"]
[EventDate "2022.12.26"]

1. d4 d5 2. c4 e6 3. Nf3 Nf6 4. g3 dxc4 5. Bg2 a6 6. Ne5 Bb4+ 7. Nc3 Nd5 8. O-O
O-O 9. Ne4 b5 10. b3 cxb3 11. axb3 Bb7 12. Nd3 Nd7 13. Nxb4 Nxb4 14. Bg5 Qe8 15.
Rc1 Nd5 16. Nc5 Nxc5 17. Rxc5 f5 18. Qc1 a5 19. Re1 a4 20. bxa4 Rxa4 21. Qb2 c6
22. e3 Qh5 23. Bf4 Rfa8 24. Rc2 Qe8 25. Be5 Qe7 26. e4 Qb4 27. Qc1 fxe4 28. Bxe4
Ra1 29. Qxa1 Rxa1 30. Rxa1 Nc3 31. Bg2 Qb3 32. Rxc3 Qxc3 33. Ra7 b4 34. Rxb7 b3
35. Bh3 Qe1+ 36. Bf1 Qc3 37. Rxg7+ Kf8 38. Rxh7 b2 39. Rb7 Qc2 40. d5 b1=Q 41.
Rxb1 Qxb1 42. dxc6 Qc1 43. c7 Kf7 44. h4 Kg6 45. Bf4 Qc6 46. Bg2 Qa6 47. Be4+
Kf6 48. Kg2 Qc8 49. Bf3 Kf5 50. Kh3 Kf6 51. Bg5+ Kf7 52. Bd8 Qa6 53. Kg2 Qc8 54.
h5 e5 55. Be4 Kg7 56. f3 Qa6 57. Bf5 Qe2+ 58. Kh3 Qf1+ 59. Kh4 Qh1+ 60. Bh3 1-0

[Event "World Rapid 2022"]
[Site "Almaty KAZ"]
[Date "2022.12.28"]
[Round "11.21"]
[White "Yoo, Christopher Woojin"]
[Black "Gelfand, Boris"]
[Result "1/2-1/2"]
[WhiteTitle "GM"]
[BlackTitle "GM"]
[WhiteElo "2575"]
[BlackElo "2667"]
[WhiteFideId "30909694"]
[BlackFideId "2805677"]
[EventDate "2022.12.26"]

1. Nf3 c5 2. e4 Nc6 3. Bb5 e6 4. O-O Nge7 5. Re1 a6 6. Bf1 d5 7. exd5 Nxd5 8. d4
Nf6 9. Be3 cxd4 10. Nxd4 Bd7 11. c4 Qc7 12. Nc3 Bd6 13. h3 O-O 14. Nf3 Ne7 15.
Bd4 Bc6 16. Ne5 Rad8 17. Qb3 Qb8 18. Rad1 Bc7 19. Nxc6 Nxc6 20. Bxf6 gxf6 21.
Ne4 Be5 22. Nc5 Rxd1 23. Rxd1 Bd4 24. Qxb7 Qxb7 25. Nxb7 Rb8 26. Na5 Bxf2+ 27.
Kxf2 Rxb2+ 28. Ke3 Nxa5 29. Rd2 Rb1 30. Be2 Kf8 31. Rd8+ Ke7 32. Ra8 Rc1 33.
Ra7+ Kd8 34. Kd2 Ra1 35. Rxa6 Rxa2+ 36. Ke3 Nxc4+ 37. Bxc4 Rxg2 38. Kf3 Rg5 39.
h4 Rc5 40. Bd3 f5 41. Ra8+ Ke7 42. Rh8 Kf6 43. Rxh7 Rc3 44. Ke3 Rc8 45. Rh5 Rg8
46. Be2 Rg3+ 47. Kf2 Rg8 48. Ke3 Rg3+ 49. Bf3 Rg8 50. Kf4 Kg6 51. Rg5+ Kh7 52.
Rh5+ Kg6 53. Rg5+ Kh7 54. Be2 f6 55. Rxg8 Kxg8 1/2-1/2

[Event "World Rapid 2022"]
[Site "Almaty KAZ"]
[Date "2022.12.28"]
[Round "11.22"]
[White "Tomashevsky, Evgeny"]
[Black "Niemann, Hans Moke"]
[Result "1-0"]
[WhiteTitle "GM"]
[BlackTitle "GM"]
[WhiteElo "2694"]
[BlackElo "2698"]
[WhiteFideId "4147235"]
[BlackFideId "2093596"]
[EventDate "2022.12.26"]

1. c4 e5 2. g3 Nf6 3. Bg2 Bc5 4. Nc3 c6 5. e3 d5 6. cxd5 cxd5 7. d4 exd4 8. exd4
Bb4 9. Ne2 O-O 10. O-O Bg4 11. Qb3 Nc6 12. Be3 h6 13. Rac1 Bxc3 14. Nxc3 Na5 15.
Qb4 b6 16. b3 Qd7 17. Rfe1 Bh3 18. Qb5 Qxb5 19. Nxb5 Bxg2 20. Kxg2 Rfc8 21. Nc7
Rab8 22. Bf4 Rd8 23. b4 Nc4 24. Nxd5 Nxd5 25. Bxb8 Nb2 26. Bc7 Rd7 27. Re8+ Kh7
28. Rd8 Rxc7 29. Rxc7 Nxc7 30. d5 Nd3 31. d6 Ne6 32. Rc8 Ne5 33. f4 Nd7 34. f5
Nef8 35. Ra8 g6 36. Rxa7 Kg7 37. a4 Kf6 38. a5 bxa5 39. bxa5 Ke5 40. a6 Kxd6 41.
Rb7 Kc6 42. g4 gxf5 43. gxf5 f6 44. Kg3 Nb6 45. Rb8 Nfd7 46. a7 Kd6 47. Kg4 Ke5 1-0

[Event "World Rapid 2022"]
[Site "Almaty KAZ"]
[Date "2022.12.28"]
[Round "11.23"]
[White "Le, Tuan Minh"]
[Black "Bluebaum, Matthias"]
[Result "1/2-1/2"]
[WhiteTitle "GM"]
[BlackTitle "GM"]
[WhiteElo "2542"]
[BlackElo "2657"]
[WhiteFideId "12401153"]
[BlackFideId "24651516"]
[EventDate "2022.12.26"]

1. d4 d5 2. c4 e6 3. Nc3 Bb4 4. Nf3 Nf6 5. Qa4+ Nc6 6. a3 Bxc3+ 7. bxc3 Bd7 8.
cxd5 exd5 9. Bg5 h6 10. Bxf6 Qxf6 11. Qb3 Qd6 12. e3 O-O 13. Be2 b6 14. O-O Na5
15. Qb4 Rac8 16. Rfd1 Be6 17. Rac1 c5 18. dxc5 Rxc5 19. Nd4 Qe5 20. Nb5 Qb8 21.
Nd4 Bd7 22. Ba6 Qe5 23. h3 Bc8 24. Bd3 Bb7 25. Nb5 Qb8 26. Qh4 Ba6 27. a4 Bxb5
28. axb5 Qc7 29. Be2 Nc4 30. Rb1 Nd6 31. Bf1 Ne4 32. Rb2 Nxc3 33. Ra1 Qd7 34.
Qb4 Rfc8 35. Bd3 R8c7 36. Rb3 Qe8 37. Qf4 Qd8 38. Rba3 Nxb5 39. Bxb5 Rxb5 40.
Rxa7 Rbc5 41. Qe5 b5 42. Rxc7 Rxc7 43. Rd1 Rd7 44. Rb1 Rb7 45. Rd1 Rd7 46. Rb1
Rb7 47. Rd1 Rd7 1/2-1/2

[Event "World Rapid 2022"]
[Site "Almaty KAZ"]
[Date "2022.12.28"]
[Round "11.24"]
[White "Donchenko, Alexander"]
[Black "Daneshvar, Bardiya"]
[Result "1/2-1/2"]
[WhiteTitle "GM"]
[BlackTitle "IM"]
[WhiteElo "2636"]
[BlackElo "2500"]
[WhiteFideId "24603295"]
[BlackFideId "12576468"]
[EventDate "2022.12.26"]

1. c4 Nf6 2. g3 c6 3. Nf3 d5 4. Bg2 dxc4 5. O-O e6 6. a4 Nbd7 7. Qc2 b6 8. Qxc4
Bb7 9. d3 Rc8 10. Nc3 Be7 11. Rd1 Nd5 12. Qg4 O-O 13. e4 N7f6 14. Qh4 Nxc3 15.
bxc3 Nd5 16. Bg5 Bxg5 17. Nxg5 h6 18. Nxe6 Qxh4 19. gxh4 fxe6 20. exd5 cxd5 21.
c4 Rf4 22. a5 Rxh4 23. axb6 axb6 24. Rdb1 Rg4 25. Rxb6 Bc6 26. h3 Rd4 27. Raa6
Be8 28. Rxe6 dxc4 29. dxc4 Bf7 30. Re7 Rdxc4 31. Raa7 Rf4 32. Rxf7 Rxf7 33. Bd5
Rf8 34. h4 g6 35. h5 gxh5 36. Kg2 Kg7 37. Bxf7 Rxf7 38. Rxf7+ Kxf7 39. Kh3 Kg6
40. Kh4 Kf5 41. Kxh5 Kf4 42. Kxh6 Kf3 43. Kg5 Kxf2 1/2-1/2

[Event "World Rapid 2022"]
[Site "Almaty KAZ"]
[Date "2022.12.28"]
[Round "11.25"]
[White "Sindarov, Javokhir"]
[Black "Mamedov, Rauf"]
[Result "0-1"]
[WhiteTitle "GM"]
[BlackTitle "GM"]
[WhiteElo "2654"]
[BlackElo "2646"]
[WhiteFideId "14205483"]
[BlackFideId "13401653"]
[EventDate "2022.12.26"]

1. e4 c5 2. Nc3 Nc6 3. Nge2 Nf6 4. d4 cxd4 5. Nxd4 e5 6. Ndb5 d6 7. Bg5 a6 8.
Na3 b5 9. Nd5 Be7 10. Bxf6 Bxf6 11. c4 b4 12. Nc2 O-O 13. g3 a5 14. h4 Be6 15.
Bh3 a4 16. Kf1 b3 17. Nce3 Nd4 18. Kg2 Kh8 19. Qd3 Qb8 20. a3 Bd8 21. h5 h6 22.
Raf1 Bb6 23. f4 Ra7 24. Bxe6 fxe6 25. Nxb6 Qxb6 26. fxe5 Rxf1 27. Rxf1 dxe5 28.
Qd1 Kg8 29. Qg4 Nc2 30. Nd5 Ne3+ 31. Nxe3 Qxe3 32. Qxe6+ Kh7 33. Qg6+ Kg8 34.
Qe8+ Kh7 35. Rf8 Qd2+ 36. Rf2 Qd4 37. Qg6+ Kg8 38. c5 Re7 39. Qc6 Kh7 40. Qg6+
Kg8 41. Qc6 Kh7 42. Rf8 Qd2+ 43. Kh3 Qg5 44. Rf5 Qc1 45. Rf2 Qg5 46. Rf5 Qc1 47.
Qd5 Re8 48. c6 Rc8 49. Rf6 Qg5 50. Rf5 Qc1 51. Rf6 Qg5 52. Rf3 Qxh5+ 53. Kg2 Qg5
54. Qe6 Rd8 55. Rf5 Qg4 56. Qxe5 Rd2+ 57. Rf2 Rc2 58. Qd4 h5 59. Qxa4 h4 60.
Qxb3 h3+ 0-1

[Event "World Rapid 2022"]
[Site "Almaty KAZ"]
[Date "2022.12.28"]
[Round "11.26"]
[White "Murzin, Volodar"]
[Black "Matlakov, Maxim"]
[Result "1-0"]
[WhiteTitle "GM"]
[BlackTitle "GM"]
[WhiteElo "2561"]
[BlackElo "2662"]
[WhiteFideId "44155573"]
[BlackFideId "4168003"]
[EventDate "2022.12.26"]

1. e4 c5 2. Nf3 d6 3. Bb5+ Nd7 4. O-O a6 5. Bd3 Ngf6 6. c3 b5 7. Bc2 Bb7 8. Qe2
e6 9. d4 Be7 10. Re1 cxd4 11. cxd4 Rc8 12. Bd3 O-O 13. Nbd2 e5 14. Nf1 exd4 15.
Ng3 Re8 16. Nxd4 d5 17. e5 Bc5 18. Nf3 Ng4 19. Bxh7+ Kf8 20. Bg5 Qb6 21. Bf5
Bxf2+ 22. Kh1 Bxe1 23. Bxg4 Bxg3 24. Bxd7 Qf2 25. Qd3 Qxb2 26. Rf1 Bxe5 27. Qh7
Bf6 28. Qh8+ Ke7 29. Bxe8 Bxg5 30. Re1+ Kd6 31. Qf8+ Kc7 32. Nxg5 d4 33. Nf3 d3
34. Qxf7+ Kb8 35. Qf4+ Ka8 36. Bg6 Rd8 37. Be4 Rd7 38. Qf8+ Ka7 39. Qc5+ Kb8 40.
Bf5 Rd8 41. Re7 Qb1+ 42. Ng1 Qc2 43. Rxb7+ Kxb7 44. Be4+ 1-0

[Event "World Rapid 2022"]
[Site "Almaty KAZ"]
[Date "2022.12.28"]
[Round "11.27"]
[White "Nguyen, Thai Dai Van"]
[Black "Van Foreest, Jorden"]
[Result "1-0"]
[WhiteTitle "GM"]
[BlackTitle "GM"]
[WhiteElo "2656"]
[BlackElo "2690"]
[WhiteFideId "358878"]
[BlackFideId "1039784"]
[EventDate "2022.12.26"]

1. d4 d5 2. c4 e6 3. Nf3 c6 4. e3 f5 5. Nc3 Bd6 6. Be2 Nd7 7. Qc2 Nh6 8. Bd2 O-O
9. h3 Nf6 10. Ne5 Ne4 11. O-O Nxd2 12. Qxd2 Bd7 13. f4 Be8 14. Rab1 a5 15. c5
Be7 16. b4 axb4 17. Rxb4 b5 18. a4 bxa4 19. Rxa4 Nf7 20. Rxa8 Qxa8 21. Nd3 g5
22. Qb2 gxf4 23. Ra1 Qc8 24. exf4 Bf6 25. Qb4 Qc7 26. Bh5 Nh8 27. Bxe8 Rxe8 28.
Ne2 Rb8 29. Qa5 Qg7 30. Ne5 Bxe5 31. dxe5 Ng6 32. Kf2 h5 33. Qa7 Rb7 34. Qa8+
Kh7 35. Ra2 Qe7 36. Kg3 d4 37. Kh2 Rd7 38. Qxc6 d3 39. Nc3 d2 40. Nd1 Kh6 41.
Qa4 Rd5 42. c6 Qc5 43. Rc2 Qf8 44. c7 Rc5 45. Rxc5 Qxc5 46. Qd7 Qc4 47. c8=Q
Qxf4+ 48. g3 Qf3 49. Qxd2+ f4 50. Qcc3 Qf1 51. Qcd3 1-0

[Event "World Rapid 2022"]
[Site "Almaty KAZ"]
[Date "2022.12.28"]
[Round "11.28"]
[White "Sadhwani, Raunak"]
[Black "Vallejo Pons, Francisco"]
[Result "1-0"]
[WhiteTitle "GM"]
[BlackTitle "GM"]
[WhiteElo "2627"]
[BlackElo "2716"]
[WhiteFideId "35093487"]
[BlackFideId "2205530"]
[EventDate "2022.12.26"]

1. d4 e6 2. Bf4 b6 3. e4 Bb7 4. Bd3 c5 5. Nf3 cxd4 6. Nxd4 d6 7. Bg3 Nf6 8. Nc3
a6 9. a4 Nbd7 10. Qe2 Be7 11. O-O O-O 12. f4 Nc5 13. Kh1 Nxd3 14. cxd3 Rc8 15.
f5 e5 16. Nc2 h6 17. Rad1 Re8 18. Ne3 b5 19. axb5 axb5 20. Nxb5 d5 21. Ng4 Nxg4
22. Qxg4 Bf6 23. d4 exd4 24. e5 Bxe5 25. f6 Bxf6 26. Nd6 Re4 27. Qh5 Ba6 28.
Qxf7+ Kh7 29. Qxd5 Rg4 30. Qf5+ Rg6 31. Nxc8 Bxc8 32. Qd3 h5 33. Rc1 h4 34. Rc5
Bg4 35. Rf4 Qd7 36. h3 Be2 37. Qxe2 Rxg3 38. Rh5+ Kg8 39. Qc4+ Kf8 40. Rxf6+ 1-0

[Event "World Rapid 2022"]
[Site "Almaty KAZ"]
[Date "2022.12.28"]
[Round "11.29"]
[White "Ter-Sahakyan, Samvel"]
[Black "Harikrishna, Pentala"]
[Result "1/2-1/2"]
[WhiteTitle "GM"]
[BlackTitle "GM"]
[WhiteElo "2605"]
[BlackElo "2705"]
[WhiteFideId "13302531"]
[BlackFideId "5007003"]
[EventDate "2022.12.26"]

1. d4 Nf6 2. c4 e6 3. Nf3 d5 4. Nc3 Bb4 5. g3 O-O 6. Bg2 dxc4 7. O-O Nc6 8. Re1
Bd6 9. Qa4 e5 10. Qxc4 exd4 11. Nxd4 Ne5 12. Qb3 Bc5 13. Nf3 Nxf3+ 14. exf3 c6
15. Bg5 h6 16. Bxf6 Qxf6 17. Ne4 Qe7 18. Nxc5 Qxc5 19. f4 Be6 20. Qxb7 Rab8 21.
Qxc6 Qxc6 22. Bxc6 Rfc8 23. Rac1 Bxa2 24. Be4 Re8 25. Bb1 Rxe1+ 26. Rxe1 Be6 27.
Re2 Bg4 28. Rd2 Bf3 29. Bd3 Rc8 30. Rc2 Rxc2 31. Bxc2 Kf8 32. Kf1 Ke7 33. Ke1
Kd6 34. Kd2 Kc5 35. Kc3 a5 36. h4 f6 37. Bf5 Bd5 38. Bg4 Be4 39. Be2 Bd5 40. g4
Be4 41. g5 Bd5 42. Bd3 Bf3 43. Bc2 Bd5 44. Bd3 Bf3 1/2-1/2

[Event "World Rapid 2022"]
[Site "Almaty KAZ"]
[Date "2022.12.28"]
[Round "11.30"]
[White "Salem, A.R. Saleh"]
[Black "Kovalev, Vladislav"]
[Result "1-0"]
[WhiteTitle "GM"]
[BlackTitle "GM"]
[WhiteElo "2677"]
[BlackElo "2623"]
[WhiteFideId "9301348"]
[BlackFideId "13504398"]
[EventDate "2022.12.26"]

1. d4 Nf6 2. c4 e6 3. Nc3 Bb4 4. e3 O-O 5. Bd3 d5 6. a3 Bxc3+ 7. bxc3 dxc4 8.
Bxc4 c5 9. Ne2 Qc7 10. Bd3 b6 11. e4 Ba6 12. O-O Bxd3 13. Qxd3 Nbd7 14. Bg5 Rac8
15. e5 c4 16. Qc2 Nd5 17. a4 a6 18. Ng3 b5 19. Rfb1 Rb8 20. axb5 axb5 21. Ne4 b4
22. cxb4 Rxb4 23. Bd2 Rxb1+ 24. Rxb1 h6 25. Rc1 Ra8 26. h3 N7b6 27. Qd1 Ra2 28.
Qg4 Kf8 29. Qh4 Ra3 30. Nd6 Rd3 31. Ba5 Kg8 32. Qe4 Rb3 33. Rxc4 Qxc4 34. Nxc4
Nxc4 35. Be1 Ra3 36. Qc2 Ra1 37. Qxc4 Rxe1+ 38. Kh2 g6 39. Qc2 Kg7 40. Qd2 Rb1
41. h4 Rb3 42. h5 g5 43. g3 Kf8 44. Qc2 Rf3 45. Qh7 Rxf2+ 46. Kg1 Rf5 47. g4 Rf3
48. Qxh6+ Ke8 49. Qxg5 Nf4 50. Qg8+ Ke7 51. h6 Ng6 52. Kg2 Rd3 53. h7 Rd2+ 54.
Kf3 Rh2 55. Kg3 Rh1 56. Qg7 Ke8 57. d5 exd5 58. e6 1-0

[Event "World Rapid 2022"]
[Site "Almaty KAZ"]
[Date "2022.12.28"]
[Round "11.31"]
[White "Yilmaz, Mustafa"]
[Black "Anton Guijarro, David"]
[Result "0-1"]
[WhiteTitle "GM"]
[BlackTitle "GM"]
[WhiteElo "2617"]
[BlackElo "2675"]
[WhiteFideId "6302718"]
[BlackFideId "2285525"]
[EventDate "2022.12.26"]

1. d4 Nf6 2. c4 e6 3. Nf3 d5 4. Nc3 Bb4 5. Qa4+ Nc6 6. e3 O-O 7. Qc2 Re8 8. Bd2
a6 9. a3 Bd6 10. h3 h6 11. g4 dxc4 12. g5 hxg5 13. Nxg5 b5 14. Rg1 e5 15. Nxf7
Qe7 16. Bg2 Nxd4 17. Nh6+ gxh6 18. Qg6+ Kh8 19. exd4 exd4+ 20. Kf1 Bf5 21. Qxf5
dxc3 22. Be3 cxb2 23. Rb1 Rad8 24. Qg6 Bf4 25. Be4 Bxe3 26. fxe3 Nxe4 0-1